000 00735nam a2200229 i 4500
001 117629
003 ES-MaACL
005 20241210140218.0
007 t|
008 070214s1966 sp r ||||1| spa d
100 1 _aPerarnau de Bruse, Carmen.
_990398
245 1 0 _aLiteratos en la filatelia /
_cCarmen Perarnau de Bruse ; prólogo de José Mª Pemán.
260 _aBarcelona :
_bEmeuve,
_c1966.
300 _a1 v. :
_bil. ;
_c17 cm.
490 1 _aLa corneta ;
_v9
650 _aLiteratura-
_vSellos de correos.
_9169034
650 _aSellos de correos.
_917031
700 1 _aPemán, José María,
_d1897-1981
_990130
830 1 _aLa corneta ;
_v9
_9181505
852 _aES-MaACL
_jP-1100
999 _c117629
_d117629